Normal view
MARC view
Entry Personal Name
001 - CONTROL NUMBER
- control field: 10224
003 - CONTROL NUMBER IDENTIFIER
- control field: BD-RjUL
005 - DATE AND TIME OF LATEST TRANSACTION
- control field: 20231128121731.0
008 - FIXED-LENGTH DATA ELEMENTS
- fixed length control field: 231128|| aca||aabn | a|a d
040 ## - CATALOGING SOURCE
- Original cataloging agency: BD-RjUL
- Transcribing agency: BD-RjUL
100 ## - HEADING--PERSONAL NAME
- Personal name: Rahman, Md. Habibur, Co-Supervisor
670 ## - SOURCE DATA FOUND
- Source citation: Work cat.: (BD-RjUL)82361: RAZZAK, MD. ABDUR 10220, EXPLORING FOLK ELEMENTS IN PRIMARY EDUCATION OF BANGLADESH /, 2022